[Event "Volchok Memorial"]
[Site "Mykolaiv"]
[Date "2017.06.26"]
[Round "8"]
[White "Bondarchuk, Sergei"]
[Black "Sivuk, Vitaly"]
[Result "0-1"]
[WhiteElo "2231"]
[BlackElo "2530"]
[PlyCount "92"]
[EventDate "2017.06.21"]
[EventType "swiss"]
[EventRounds "9"]
[EventCountry "UKR"]
[SourceTitle "CBM 179 Extra"]
[Source "ChessBase"]
[SourceDate "2017.08.23"]
[SourceVersion "1"]
[SourceVersionDate "2017.08.23"]
[SourceQuality "1"]

1. e4 c5 2. Nf3 e6 3. c3 Nf6 4. Bd3 d5 5. e5 Nfd7 6. Bc2 c4 7. d4 cxd3 8. Qxd3 Nc6 9. Qe2 Be7 10. h4 Qc7 11. Bf4 b5 12. a3 Qb6 13. Nbd2 a5 14. 0-0 h6 15. h5 a4 16. Bd3 Ba6 17. b4 axb3 18. Nxb3 Na5 19. Nxa5 Qxa5 20. Rfb1 0-0 21. Bd2 Qa4 22. Nd4 Rfc8 23. Bc2 Qc4 24. Bd3 Qc7 25. f4 Nc5 26. Bxb5 Bxb5 27. Nxb5 Qd7 28. Be3 Ne4 29. Bd4 Rc4 30. Rb3 Kh7 31. Kh2 Ra5 32. Rab1 Qd8 33. g3 Qf8 34. Nd6 Bxd6 35. exd6 Qxd6 36. Qg4 Rxd4 37. cxd4 Rxa3 38. Qf3 Ra4 39. Qd3 Qe7 40. Rb8 Qf6 41. R1b4 Ra1 42. Rb2 Qf5 43. Qf3 Nf6 44. R8b7 Ng4+ 45. Kg2 Qxh5 46. Qd3+ f5 0-1

[Event "Yuzhny op"]
[Site "Yuzhny"]
[Date "2011.09.05"]
[Round "4"]
[White "Polishchuk, Oleg"]
[Black "Bondarchuk, Sergei"]
[Result "0-1"]
[WhiteElo "2173"]
[BlackElo "2309"]
[PlyCount "146"]
[EventDate "2011.09.03"]
[EventType "swiss"]
[EventRounds "9"]
[EventCountry "UKR"]
[SourceTitle "CBM 144 Extra"]
[Source "ChessBase"]
[SourceDate "2011.10.28"]
[SourceVersion "1"]
[SourceVersionDate "2011.10.28"]
[SourceQuality "1"]

1. c4 e6 2. Nf3 d5 3. e3 Nf6 4. b3 Be7 5. Bb2 0-0 6. Be2 b6 7. cxd5 exd5 8. 0-0 Bb7 9. d4 Nbd7 10. Nbd2 Re8 11. Rc1 Bd6 12. Bb5 a6 13. Bc6 Bxc6 14. Rxc6 Nb8 15. Rc2 Nbd7 16. Rc6 Nb8 17. Rc1 Nbd7 18. Qc2 c5 19. dxc5 bxc5 20. Rfd1 Qb6 21. Qd3 Bf8 22. Qf5 Qe6 23. Qf4 h6 24. h3 a5 25. Qa4 Nb6 26. Qb5 Nbd7 27. a4 Reb8 28. Qe2 d4 29. Re1 dxe3 30. Qxe3 Qxe3 31. Rxe3 Nd5 32. Rd3 N7b6 33. Be5 Re8 34. Nc4 Nxc4 35. Rxc4 Nb6 36. Rc2 c4 37. bxc4 Nxa4 38. Rd5 Rec8 39. Bd4 Bc5 40. Bxc5 Rxc5 41. Nd4 Rac8 42. Rxc5 Nxc5 43. Nf5 Rb8 44. Ne7+ Kf8 45. Nc6 Rb1+ 46. Kh2 Ra1 47. Rd2 g6 48. Rd8+ Kg7 49. Rd5 Nb3 50. Rb5 a4 51. Nb4 Rc1 52. Nd3 Rc3 53. Nc5 Nxc5 54. Rxc5 Kf6 55. Rc7 Ke5 56. f4+ Kxf4 57. Rxf7+ Ke5 58. Rg7 g5 59. Rh7 Kd4 60. Rxh6 Kxc4 61. h4 gxh4 62. Rxh4+ Kb3 63. Rh8 Rc4 64. Ra8 a3 65. Kh3 Ra4 66. Rb8+ Rb4 67. Ra8 a2 68. Rxa2 Kxa2 69. g4 Kb3 70. Kh4 Kc4 71. Kh5 Kd5 72. g5 Ke6 73. Kh6 Kf7 0-1

[Event "Yuzhny op"]
[Site "Yuzhny"]
[Date "2010.09.12"]
[Round "9"]
[White "Roschupkin, Volodymyr"]
[Black "Bondarchuk, Sergei"]
[Result "0-1"]
[WhiteElo "1964"]
[BlackElo "2322"]
[PlyCount "50"]
[EventDate "2010.09.07"]
[EventType "swiss"]
[EventRounds "9"]
[EventCountry "UKR"]
[SourceTitle "CBM 138 Extra"]
[Source "ChessBase"]
[SourceDate "2010.10.29"]
[SourceVersion "1"]
[SourceVersionDate "2010.10.29"]
[SourceQuality "1"]

1. d4 Nf6 2. c4 e6 3. Nf3 b6 4. Qb3 Bb7 5. Nc3 d5 6. Bg5 Be7 7. e3 0-0 8. Bxf6 Bxf6 9. cxd5 exd5 10. Bd3 c5 11. Qc2 g6 12. h4 Nc6 13. h5 cxd4 14. exd4 Nxd4 15. Nxd4 Bxd4 16. Kf1 Rc8 17. Qd2 Bxc3 18. bxc3 Qf6 19. Rc1 d4 20. c4 Rfe8 21. Qh6 Re7 22. Rh3 Rce8 23. Rg3 Be4 24. Rd1 Bxd3+ 25. Rgxd3 Re2 0-1

[Event "Yuzhny op"]
[Site "Yuzhny"]
[Date "2010.09.10"]
[Round "6"]
[White "Bondarchuk, Sergei"]
[Black "Yavorovsky, Valeriy"]
[Result "1/2-1/2"]
[WhiteElo "2322"]
[BlackElo "2197"]
[PlyCount "32"]
[EventDate "2010.09.07"]
[EventType "swiss"]
[EventRounds "9"]
[EventCountry "UKR"]
[SourceTitle "CBM 138 Extra"]
[Source "ChessBase"]
[SourceDate "2010.10.29"]
[SourceVersion "1"]
[SourceVersionDate "2010.10.29"]
[SourceQuality "1"]

1. e4 e6 2. d4 d5 3. exd5 exd5 4. c4 Nf6 5. Nc3 dxc4 6. Bxc4 Bd6 7. Nf3 0-0 8. 0-0 Nc6 9. h3 h6 10. Re1 Bf5 11. a3 Re8 12. Be3 Qd7 13. d5 Ne7 14. Nd4 Bxh3 15. gxh3 Qxh3 16. Qf3 Bh2+ 1/2-1/2

[Event "Yuzhny op"]
[Site "Yuzhny"]
[Date "2009.09.12"]
[Round "7"]
[White "Bondarchuk, Sergei"]
[Black "Olshevskiy, Maxim"]
[Result "1-0"]
[WhiteElo "2314"]
[BlackElo "2027"]
[PlyCount "89"]
[EventDate "2009.09.08"]
[EventType "swiss"]
[EventRounds "9"]
[EventCountry "UKR"]
[SourceTitle "CBM 132 Extra"]
[Source "ChessBase"]
[SourceDate "2009.11.03"]
[SourceVersion "1"]
[SourceVersionDate "2009.11.03"]
[SourceQuality "1"]

1. e4 c5 2. Nf3 d6 3. d4 cxd4 4. Nxd4 Nf6 5. Nc3 Nc6 6. Bc4 Bd7 7. 0-0 g6 8. h3 Bg7 9. Be3 0-0 10. Bb3 Qa5 11. f4 Nxd4 12. Bxd4 Bc6 13. Qd3 Rad8 14. Nd5 Bxd5 15. exd5 Nd7 16. Bxg7 Kxg7 17. Rae1 Rfe8 18. Re2 Qc5+ 19. Kh1 Nf6 20. Rfe1 Kf8 21. Ba4 Qxd5 22. Qxd5 Nxd5 23. Bxe8 Rxe8 24. g3 Rc8 25. c3 f5 26. Kg2 Rc7 27. Kf3 Nf6 28. g4 fxg4+ 29. hxg4 d5 30. Re5 Kf7 31. g5 Ne8 32. Rxd5 Nd6 33. Rh1 Kg8 34. Rd2 Nf5 35. Rh3 a6 36. Ke4 Ng7 37. Rd8+ Kf7 38. Rxh7 Rc4+ 39. Ke5 Rc5+ 40. Kd4 Rc6 41. c4 Re6 42. Rb8 Rd6+ 43. Kc3 Rd7 44. b4 Rc7 45. a4 1-0

[Event "Yuzhny op"]
[Site "Yuzhny"]
[Date "2009.09.11"]
[Round "5"]
[White "Bondarchuk, Sergei"]
[Black "Iakymov, Volodymyr"]
[Result "0-1"]
[WhiteElo "2314"]
[BlackElo "2441"]
[PlyCount "106"]
[EventDate "2009.09.08"]
[EventType "swiss"]
[EventRounds "9"]
[EventCountry "UKR"]
[SourceTitle "CBM 132 Extra"]
[Source "ChessBase"]
[SourceDate "2009.11.03"]
[SourceVersion "1"]
[SourceVersionDate "2009.11.03"]
[SourceQuality "1"]

1. e4 e5 2. Nf3 Nc6 3. Bb5 d6 4. c3 Nf6 5. d4 Bd7 6. 0-0 Be7 7. Re1 0-0 8. h3 h6 9. Ba4 Re8 10. Nbd2 Bf8 11. Bc2 g6 12. Nf1 Bg7 13. Ng3 a5 14. Be3 Qe7 15. Qd2 Kh7 16. Nh2 exd4 17. cxd4 Nb4 18. Bb1 c5 19. d5 Ng8 20. a3 Na6 21. f4 Qd8 22. e5 dxe5 23. f5 Nf6 24. fxg6+ fxg6 25. h4 e4 26. Bf4 Bf5 27. d6 c4 28. Qf2 Qd7 29. Ba2 b5 30. Rad1 Rac8 31. Be3 Bg4 32. Bb1 Bxd1 33. Rxd1 Re6 34. h5 Rxd6 35. hxg6+ Kh8 36. Rf1 Rf8 37. Qe2 Qe8 38. Nf5 Rd7 39. a4 Qxg6 40. axb5 Nb4 41. Qxc4 Nbd5 42. Bd4 Rdf7 43. Qe2 Qg5 44. Ba2 Nf4 45. Rxf4 Qxf4 46. Bxf7 Qxf5 47. Bc4 Kh7 48. Nf1 Ng4 49. Bxg7 Kxg7 50. Ng3 Qc5+ 51. Kh1 Rf4 52. b4 axb4 53. Qb2+ Kh7 0-1

[Event "Yuzhny op"]
[Site "Yuzhny"]
[Date "2009.09.10"]
[Round "4"]
[White "Kislinsky, Alexey"]
[Black "Bondarchuk, Sergei"]
[Result "1/2-1/2"]
[WhiteElo "2451"]
[BlackElo "2314"]
[PlyCount "57"]
[EventDate "2009.09.08"]
[EventType "swiss"]
[EventRounds "9"]
[EventCountry "UKR"]
[SourceTitle "CBM 132 Extra"]
[Source "ChessBase"]
[SourceDate "2009.11.03"]
[SourceVersion "1"]
[SourceVersionDate "2009.11.03"]
[SourceQuality "1"]

1. e4 c5 2. Nf3 d6 3. Bb5+ Bd7 4. Bxd7+ Qxd7 5. 0-0 Nc6 6. c3 Nf6 7. Re1 e6 8. d4 cxd4 9. cxd4 d5 10. e5 Ne4 11. Nbd2 Nxd2 12. Bxd2 Bb4 13. Rc1 Bxd2 14. Qxd2 0-0 15. Rc3 Rac8 16. Ng5 h6 17. Nh3 Ne7 18. Ra3 Rc4 19. b3 Rc7 20. Rxa7 Rfc8 21. Nf4 Nf5 22. Ne2 Qb5 23. Ra5 Qb6 24. Ra4 Rc2 25. Qd3 Qd8 26. g3 Qg5 27. Ra8 Rxa8 28. Qxc2 Qg4 29. Rd1 1/2-1/2

[Event "Sibiria Region-ch"]
[Site "Irkutsk"]
[Date "2009.05.13"]
[Round "5"]
[White "Burdyko, Alexander"]
[Black "Bondarchuk, Sergei"]
[Result "1-0"]
[WhiteElo "2105"]
[BlackElo "2314"]
[PlyCount "91"]
[EventDate "2009.05.10"]
[EventType "swiss"]
[EventRounds "9"]
[EventCountry "RUS"]
[SourceTitle "CBM 130 Extra"]
[Source "ChessBase"]
[SourceDate "2009.07.02"]
[SourceVersion "2"]
[SourceVersionDate "2009.07.15"]
[SourceQuality "1"]

1. d4 d5 2. c4 c6 3. Nf3 Nf6 4. Nc3 Bf5 5. Qb3 b6 6. cxd5 Nxd5 7. Bg5 h6 8. Bh4 g5 9. Bg3 Bg7 10. Be5 0-0 11. Bxg7 Kxg7 12. e3 Nf6 13. Ne5 Nfd7 14. Nxd7 Nxd7 15. e4 Bg6 16. Rd1 Qc7 17. Be2 e5 18. d5 Nc5 19. Qc4 cxd5 20. exd5 Rac8 21. 0-0 Rfd8 22. Rd2 Qd7 23. Qb4 e4 24. f3 exf3 25. Bxf3 Kg8 26. Qd4 Ne6 27. Qf6 Ng7 28. Be4 Nh5 29. Qf2 Nf4 30. Bxg6 Nxg6 31. Ne4 Qe7 32. d6 Qe6 33. Nf6+ Kg7 34. Re2 Qxa2 35. d7 Rb8 36. Ne8+ Kf8 37. Qf6 Rxe8 38. Qd6+ Ne7 39. Qxh6+ Kg8 40. Qxg5+ Kf8 41. Qh6+ Kg8 42. dxe8Q+ Rxe8 43. Re3 Qxb2 44. Rg3+ Ng6 45. Rxg6+ fxg6 46. Qxg6+ 1-0

[Event "Irkutsk City-ch"]
[Site "Irkutsk"]
[Date "2007.10.13"]
[Round "9"]
[White "Stavskij, Danil"]
[Black "Bondarchuk, Sergei"]
[Result "1-0"]
[WhiteElo "2177"]
[BlackElo "2322"]
[PlyCount "97"]
[EventDate "2007.09.16"]
[EventType "swiss"]
[EventRounds "9"]
[EventCountry "RUS"]
[SourceTitle "EXT 2009"]
[Source "ChessBase"]
[SourceDate "2008.11.26"]
[SourceVersion "1"]
[SourceVersionDate "2008.11.26"]
[SourceQuality "1"]

1. e4 c6 2. d4 d5 3. exd5 cxd5 4. Bd3 Nf6 5. c3 Nc6 6. Bf4 e6 7. Nf3 Bd6 8. Bg5 h6 9. Bh4 g5 10. Bg3 Nh5 11. Qe2 Nxg3 12. hxg3 Qf6 13. Nbd2 Bd7 14. 0-0-0 0-0-0 15. Rde1 Bc7 16. Nb3 Kb8 17. Nc5 Bc8 18. Bb5 Rd6 19. Ne5 Bb6 20. Bxc6 bxc6 21. Ng4 Qg7 22. Qe5 Qf8 23. Rh2 Bc7 24. Qe3 f5 25. Ne5 Qg7 26. Reh1 Ka8 27. Qe2 Bb7 28. Qh5 Rh7 29. Qe8+ Bd8 30. Nxe6 Qf6 31. Nxd8 Rxd8 32. Qg6 Qxg6 33. Nxg6 Re8 34. Rxh6 Rg7 35. Rh8 Rgg8 36. Rxg8 Rxg8 37. Rh8 Rxh8 38. Nxh8 Kb8 39. Nf7 g4 40. Nd6 Bc8 41. Nxc8 Kxc8 42. Kd2 Kd7 43. Ke3 Ke6 44. Kf4 Kf6 45. f3 gxf3 46. gxf3 a6 47. g4 fxg4 48. fxg4 a5 49. a4 1-0

[Event "Irkutsk City-ch"]
[Site "Irkutsk"]
[Date "2007.10.10"]
[Round "8"]
[White "Bondarchuk, Sergei"]
[Black "Mikeshin, Sergey Alekseevich"]
[Result "1/2-1/2"]
[WhiteElo "2322"]
[BlackElo "2031"]
[PlyCount "153"]
[EventDate "2007.09.16"]
[EventType "swiss"]
[EventRounds "9"]
[EventCountry "RUS"]
[SourceTitle "EXT 2009"]
[Source "ChessBase"]
[SourceDate "2008.11.26"]
[SourceVersion "1"]
[SourceVersionDate "2008.11.26"]
[SourceQuality "1"]

1. d4 Nf6 2. c4 e6 3. Nc3 Bb4 4. a3 Bxc3+ 5. bxc3 d6 6. e3 0-0 7. Nf3 b6 8. Be2 c5 9. 0-0 Nc6 10. Qc2 e5 11. d5 Na5 12. Nd2 Ba6 13. Re1 Qd7 14. a4 Rae8 15. e4 Re7 16. h3 Ne8 17. Bg4 Qd8 18. Qd3 g6 19. Be2 f5 20. exf5 gxf5 21. f4 exf4 22. Qf3 Re3 23. Qxf4 Qe7 24. Kf2 Re5 25. Nf3 Re4 26. Qg5+ Ng7 27. Qxe7 Rxe7 28. Bg5 Ree8 29. Nd2 Kf7 30. Bd3 Bc8 31. Bf4 Nb7 32. a5 Rxe1 33. Kxe1 Re8+ 34. Kf2 bxa5 35. Nb3 a6 36. Nxa5 Nxa5 37. Rxa5 Rd8 38. Kf3 Nh5 39. Bh2 Kf6 40. Ra1 Ng7 41. Bg3 Rd7 42. Bh4+ Kf7 43. Kf4 Ra7 44. Bc2 a5 45. Bd8 h6 46. Ba4 Nh5+ 47. Kf3 Nf6 48. Bb6 Rb7 49. Bxa5 Rb2 50. Bb5 Ne4 51. g4 Rh2 52. gxf5 Bxf5 53. Kf4 Rf2+ 54. Ke3 Rh2 55. Bd8 Nxc3 56. Rf1 Rxh3+ 57. Kf4 Bd3 58. Rf3 Rxf3+ 59. Kxf3 Nxb5 60. cxb5 Bxb5 61. Kf4 Bc4 62. Ke4 h5 63. Bh4 Ke8 64. Bf6 Kd7 65. Bh4 Kc7 66. Be7 Ba6 67. Bh4 Bc8 68. Be7 Bd7 69. Bh4 Be8 70. Be7 Bg6+ 71. Ke3 Bf5 72. Kf4 Bh3 73. Kg5 Bg2 74. Kxh5 Bxd5 75. Kg4 Kd7 76. Bf8 Ke6 77. Kf4 1/2-1/2

[Event "Irkutsk City-ch"]
[Site "Irkutsk"]
[Date "2007.09.16"]
[Round "1"]
[White "Samarin, Sergei"]
[Black "Bondarchuk, Sergei"]
[Result "1-0"]
[WhiteElo "2185"]
[BlackElo "2322"]
[PlyCount "105"]
[EventDate "2007.09.16"]
[EventType "swiss"]
[EventRounds "9"]
[EventCountry "RUS"]
[SourceTitle "EXT 2009"]
[Source "ChessBase"]
[SourceDate "2008.11.26"]
[SourceVersion "1"]
[SourceVersionDate "2008.11.26"]
[SourceQuality "1"]

1. e4 c6 2. d4 d5 3. e5 e6 4. Nf3 c5 5. c3 Nc6 6. a3 c4 7. g3 b5 8. Bh3 h6 9. 0-0 Nge7 10. Nh4 Bd7 11. f4 g6 12. Be3 Bg7 13. Nd2 Qb6 14. Qe2 a6 15. Kh1 Na5 16. Rab1 Qc7 17. Qf2 Nac6 18. g4 0-0-0 19. f5 gxf5 20. gxf5 exf5 21. Nxf5 Nxf5 22. Bxf5 Be6 23. b3 Qd7 24. bxc4 dxc4 25. Ne4 Bf8 26. a4 Bxf5 27. Qxf5 Qxf5 28. Rxf5 bxa4 29. Rxf7 Rd7 30. Rf6 Rc7 31. d5 Nb8 32. e6 a3 33. Rxf8+ Rxf8 34. Nd6+ Kd8 35. Rxb8+ Ke7 36. Rb6 a2 37. Nf5+ Rxf5 38. d6+ Kf6 39. Bd4+ Kg6 40. Rxa6 Rf1+ 41. Kg2 a1Q 42. Rxa1 Rxa1 43. dxc7 Ra8 44. Ba7 Rc8 45. Bb8 Kf6 46. Kf3 Kxe6 47. Ke4 Kf6 48. Kd5 Kf5 49. Kxc4 Ke6 50. Kb5 Kd6 51. Kb6 Kd7 52. Kb7 Rxc7+ 53. Bxc7 1-0

[Event "Rodatychi op"]
[Site "Rodatychi"]
[Date "2006.08.29"]
[Round "5"]
[White "Kazakov, Mikhail"]
[Black "Bondarchuk, Sergei"]
[Result "1-0"]
[WhiteElo "2456"]
[BlackElo "2303"]
[PlyCount "43"]
[EventDate "2006.08.27"]
[EventType "swiss"]
[EventRounds "9"]
[EventCountry "UKR"]
[SourceTitle "EXT 2008"]
[Source "ChessBase"]
[SourceDate "2007.11.25"]
[SourceVersion "1"]
[SourceVersionDate "2007.11.25"]
[SourceQuality "1"]

1. e4 c5 2. Nf3 d6 3. d4 cxd4 4. Nxd4 Nf6 5. Nc3 Nc6 6. Bc4 e6 7. Be3 Be7 8. Bb3 a6 9. f4 0-0 10. Qf3 Nxd4 11. Bxd4 b5 12. a3 Bb7 13. 0-0-0 Bc6 14. f5 exf5 15. Qxf5 Qc8 16. Qf3 Qb7 17. Qg3 g6 18. Rhf1 Nxe4 19. Nxe4 Bxe4 20. Qf4 Bd5 21. Qh6 f6 22. Bxf6 1-0

[Event "Rodatychi op"]
[Site "Rodatychi"]
[Date "2006.08.29"]
[Round "4"]
[White "Varchenko, Grigory"]
[Black "Bondarchuk, Sergei"]
[Result "1/2-1/2"]
[WhiteElo "2191"]
[BlackElo "2303"]
[PlyCount "104"]
[EventDate "2006.08.27"]
[EventType "swiss"]
[EventRounds "9"]
[EventCountry "UKR"]
[SourceTitle "EXT 2008"]
[Source "ChessBase"]
[SourceDate "2007.11.25"]
[SourceVersion "1"]
[SourceVersionDate "2007.11.25"]
[SourceQuality "1"]

1. e4 c5 2. Nc3 Nc6 3. g3 g6 4. Bg2 Bg7 5. f4 d6 6. d3 e6 7. Nf3 Nge7 8. Be3 Nd4 9. 0-0 0-0 10. Qd2 Rb8 11. Nd1 b6 12. Nh4 f5 13. c3 Nb5 14. a4 Nc7 15. d4 fxe4 16. Bxe4 Ncd5 17. Bf2 Nf6 18. Bg2 Nf5 19. Nf3 Ne4 20. Qd3 Bb7 21. Re1 d5 22. Be3 a5 23. Nf2 Qd7 24. Qd1 Nfd6 25. Nd3 c4 26. Nf2 b5 27. Ne5 Bxe5 28. dxe5 Nxf2 29. Bxf2 Nf5 30. Re2 b4 31. Be4 Bc6 32. Rd2 bxc3 33. bxc3 Rb3 34. Bc5 Rf7 35. Qc1 Bb7 36. Bf3 Qc7 37. Bd4 Nxd4 38. Rxd4 Bc6 39. Bd1 Rb8 40. Bc2 Qd8 41. h4 Qf8 42. Ra2 Rfb7 43. Kh2 Kg7 44. Kh3 Kh8 45. Rd2 Qc5 46. Rd4 Rb4 47. g4 Qb6 48. Kg3 Rb2 49. Ra1 Qc7 50. Qd2 R8b3 51. Rc1 Qb6 52. Qe3 Ra3 1/2-1/2

[Event "Rodatychi op"]
[Site "Rodatychi"]
[Date "2006.08.28"]
[Round "3"]
[White "Bondarchuk, Sergei"]
[Black "Vovk, Yuri"]
[Result "1/2-1/2"]
[WhiteElo "2303"]
[BlackElo "2441"]
[PlyCount "100"]
[EventDate "2006.08.27"]
[EventType "swiss"]
[EventRounds "9"]
[EventCountry "UKR"]
[SourceTitle "EXT 2008"]
[Source "ChessBase"]
[SourceDate "2007.11.25"]
[SourceVersion "1"]
[SourceVersionDate "2007.11.25"]
[SourceQuality "1"]

1. e4 c5 2. Nf3 e6 3. d4 cxd4 4. Nxd4 a6 5. Bd3 Nf6 6. 0-0 d6 7. Kh1 Be7 8. f4 Qc7 9. Qf3 Bd7 10. Nc3 Nc6 11. Be3 0-0 12. Qg3 b5 13. e5 dxe5 14. fxe5 Nh5 15. Qf3 g6 16. Nxc6 Bxc6 17. Be4 Bxe4 18. Qxe4 Rac8 19. Bh6 Ng7 20. Qf4 f6 21. exf6 Bxf6 22. Qxc7 Rxc7 23. Rae1 Bxc3 24. Rxf8+ Kxf8 25. bxc3 Rxc3 26. Rxe6 Kf7 27. Rxa6 Nf5 28. Bf4 Rxc2 29. g4 Nd4 30. Be5 Nc6 31. Bg3 Ke6 32. Rb6 b4 33. Be1 Kd5 34. Bxb4 Ne5 35. Rd6+ Ke4 36. Rd2 Rc1+ 37. Kg2 Nxg4 38. Kg3 Ne3 39. Rd7 Rg1+ 40. Kh3 Nd5 41. Bd6 h5 42. Rd8 g5 43. Re8+ Kd3 44. Bg3 Nf6 45. Re1 Rxe1 46. Bxe1 Ke2 47. Bh4 gxh4 48. Kxh4 Kd3 49. Kg5 Ng4 50. Kxh5 Nxh2 1/2-1/2

[Event "Rodatychi op"]
[Site "Rodatychi"]
[Date "2006.08.28"]
[Round "2"]
[White "Megur, Vladislav"]
[Black "Bondarchuk, Sergei"]
[Result "1/2-1/2"]
[WhiteElo "2088"]
[BlackElo "2303"]
[PlyCount "107"]
[EventDate "2006.08.27"]
[EventType "swiss"]
[EventRounds "9"]
[EventCountry "UKR"]
[SourceTitle "EXT 2008"]
[Source "ChessBase"]
[SourceDate "2007.11.25"]
[SourceVersion "1"]
[SourceVersionDate "2007.11.25"]
[SourceQuality "1"]

1. g3 c5 2. c4 Nc6 3. Bg2 g6 4. Nc3 Bg7 5. e3 e6 6. Nge2 Nge7 7. 0-0 0-0 8. d4 cxd4 9. Nxd4 Nxd4 10. exd4 d6 11. d5 e5 12. b3 f5 13. Bb2 a6 14. b4 g5 15. c5 Ng6 16. Qd2 e4 17. f3 exf3 18. Bxf3 Ne5 19. Qe2 dxc5 20. bxc5 Qa5 21. Kh1 Qxc5 22. Na4 Qd6 23. Bxe5 Bxe5 24. Rac1 Bd7 25. Nb2 Bxb2 26. Qxb2 b5 27. Qd4 f4 28. Bg2 Rac8 29. Rxc8 Bxc8 30. h4 gxh4 31. gxf4 Qf6 32. Qc5 h3 33. Be4 Bf5 34. Rg1+ Kh8 35. Bxf5 Qxf5 36. Qc3+ Qf6 37. Qe5 Qxe5 38. fxe5 Rf5 39. Re1 Kg7 40. Kh2 Rh5 41. d6 Kf8 42. Rd1 Ke8 43. e6 Re5 44. e7 Kd7 45. Kxh3 a5 46. Kg4 b4 47. Kf4 Re2 48. Rd3 a4 49. Kg5 b3 50. axb3 axb3 51. Rxb3 Kxd6 52. Rb7 Rxe7 53. Rxe7 Kxe7 54. Kh6 1/2-1/2

[Event "Kharkov Caissa op"]
[Site "Kharkov"]
[Date "2003.01.29"]
[Round "8"]
[White "Bondarchuk, Sergei"]
[Black "Kovalenko, Nikolai"]
[Result "1/2-1/2"]
[WhiteElo "2334"]
[BlackElo "2183"]
[PlyCount "80"]
[EventDate "2003.01.21"]
[EventType "swiss"]
[EventRounds "9"]
[EventCountry "UKR"]
[SourceTitle "CBM 092 Extra"]
[Source "ChessBase"]
[SourceDate "2003.03.07"]
[SourceVersion "1"]
[SourceVersionDate "2003.03.07"]
[SourceQuality "1"]

1. e4 c5 2. Nf3 d6 3. d4 cxd4 4. Nxd4 Nf6 5. Nc3 g6 6. Bc4 Bg7 7. 0-0 0-0 8. Bb3 Nc6 9. h3 Bd7 10. Re1 Rc8 11. Nxc6 Bxc6 12. Nd5 Bxd5 13. exd5 Nd7 14. c3 Bf6 15. Be3 a6 16. Bd4 Re8 17. Qd2 Qc7 18. Re2 Bxd4 19. Qxd4 Nf6 20. Rae1 Qd7 21. Re3 b5 22. a3 Rc7 23. Ba2 Rc5 24. b4 Rec8 25. c4 bxc4 26. Bxc4 Qb7 27. Qd3 R5c7 28. Bxa6 Qxd5 29. Qxd5 Nxd5 30. Rd3 Ra8 31. b5 Nb6 32. Rd4 Kf8 33. a4 Nd7 34. Rb1 Rca7 35. Rh4 Kg7 36. Rc4 Nc5 37. Rxc5 dxc5 38. Rc1 Rxa6 39. bxa6 Rxa6 40. Rxc5 Rxa4 1/2-1/2

[Event "Kharkov Caissa op"]
[Site "Kharkov"]
[Date "2003.01.23"]
[Round "3"]
[White "Ivanov, Oleg V"]
[Black "Bondarchuk, Sergei"]
[Result "1-0"]
[WhiteElo "2474"]
[BlackElo "2334"]
[PlyCount "77"]
[EventDate "2003.01.21"]
[EventType "swiss"]
[EventRounds "9"]
[EventCountry "UKR"]
[SourceTitle "CBM 092 Extra"]
[Source "ChessBase"]
[SourceDate "2003.03.07"]
[SourceVersion "1"]
[SourceVersionDate "2003.03.07"]
[SourceQuality "1"]

1. e4 e5 2. Nf3 Nc6 3. Bb5 a6 4. Ba4 Nf6 5. 0-0 Be7 6. Re1 b5 7. Bb3 d6 8. c3 0-0 9. a4 b4 10. d4 bxc3 11. bxc3 Bg4 12. Be3 Rb8 13. Nbd2 exd4 14. cxd4 d5 15. e5 Ne4 16. Bc2 Bb4 17. Nxe4 dxe4 18. Bxe4 Bxe1 19. Bxc6 Bc3 20. Rc1 Bb2 21. Rc5 Ba3 22. Rc3 Be7 23. Qc2 f5 24. Qa2+ Kh8 25. d5 Bxf3 26. gxf3 f4 27. Ba7 Rb4 28. Qc2 g6 29. Rc4 Rxc4 30. Qxc4 Rf5 31. Qxa6 Bf8 32. Kf1 Bg7 33. e6 Qe7 34. Qc8+ Bf8 35. Bd4+ Kg8 36. Be8 h6 37. Qd7 Qxd7 38. exd7 Be7 39. d6 1-0

[Event "Nikolaev"]
[Site "Nikolaev"]
[Date "2001.08.10"]
[Round "10"]
[White "Bondarchuk, Sergei"]
[Black "Alexikov, Alexander"]
[Result "1-0"]
[WhiteElo "2354"]
[BlackElo "2405"]
[PlyCount "78"]
[EventDate "2001.08.01"]
[EventType "tourn"]
[EventRounds "11"]
[EventCountry "UKR"]
[EventCategory "7"]
[SourceTitle "EXT 2002"]
[Source "ChessBase"]
[SourceDate "2001.11.25"]
[SourceVersion "1"]
[SourceVersionDate "2001.11.25"]
[SourceQuality "1"]

1. e4 c5 2. Nf3 d6 3. d4 cxd4 4. Nxd4 Nf6 5. Nc3 a6 6. Be2 e5 7. Nb3 Be7 8. 0-0 Nbd7 9. a4 b6 10. Bc4 Bb7 11. f3 0-0 12. Qe2 h6 13. Be3 Qc8 14. Nc1 Rd8 15. N1a2 b5 16. axb5 axb5 17. Bxb5 d5 18. exd5 Bxd5 19. b3 Be6 20. Rad1 Qc7 21. Na4 Nd5 22. Bc1 Bg5 23. c4 Nf4 24. Bxf4 Bxf4 25. Bxd7 Bxd7 26. N2c3 Rdb8 27. Nd5 Qa7+ 28. Qf2 Bxa4 29. Qxa7 Rxa7 30. bxa4 Rxa4 31. c5 Rb2 32. Rf2 Rxf2 33. Kxf2 Ra2+ 34. Kg1 Rc2 35. c6 Kh7 36. c7 Bg5 37. Rb1 e4 38. fxe4 Bf4 39. Nxf4 Rxc7 1-0

[Event "Nikolaev"]
[Site "Nikolaev"]
[Date "2001.08.08"]
[Round "8"]
[White "Bondarchuk, Sergei"]
[Black "Bets, Anatolij"]
[Result "0-1"]
[WhiteElo "2354"]
[BlackElo "2402"]
[PlyCount "78"]
[EventDate "2001.08.01"]
[EventType "tourn"]
[EventRounds "11"]
[EventCountry "UKR"]
[EventCategory "7"]
[SourceTitle "EXT 2002"]
[Source "ChessBase"]
[SourceDate "2001.11.25"]
[SourceVersion "1"]
[SourceVersionDate "2001.11.25"]
[SourceQuality "1"]

1. e4 c6 2. d4 d5 3. Nc3 dxe4 4. Nxe4 Bf5 5. Ng3 Bg6 6. h4 h6 7. Nf3 Nd7 8. h5 Bh7 9. Bd3 Bxd3 10. Qxd3 Ngf6 11. Bd2 e6 12. 0-0-0 Be7 13. Ne4 Nxe4 14. Qxe4 Nf6 15. Qe2 Qd5 16. c4 Qe4 17. Qxe4 Nxe4 18. Be3 Nd6 19. b3 Bf6 20. Rhe1 0-0 21. Bf4 Rfd8 22. a4 Nf5 23. Be5 Rd7 24. g4 Ne7 25. Re4 Rad8 26. Rde1 Kf8 27. Kc2 a5 28. R4e2 b6 29. Rb1 c5 30. Bxf6 gxf6 31. dxc5 bxc5 32. Rd2 Rxd2+ 33. Nxd2 Rd4 34. f3 f5 35. gxf5 exf5 36. Re1 Nc6 37. Nf1 Nb4+ 38. Kb1 Rd3 39. Re2 Rd1+ 0-1

[Event "Nikolaev"]
[Site "Nikolaev"]
[Date "2001.08.06"]
[Round "6"]
[White "Bondarchuk, Sergei"]
[Black "Karjakin, Sergey"]
[Result "0-1"]
[WhiteElo "2354"]
[BlackElo "2338"]
[PlyCount "50"]
[EventDate "2001.08.01"]
[EventType "tourn"]
[EventRounds "11"]
[EventCountry "UKR"]
[EventCategory "7"]
[SourceTitle "EXT 2002"]
[Source "ChessBase"]
[SourceDate "2001.11.25"]
[SourceVersion "1"]
[SourceVersionDate "2001.11.25"]
[SourceQuality "1"]

1. d4 d5 2. Nf3 Nf6 3. c4 dxc4 4. e3 e6 5. Bxc4 a6 6. 0-0 c5 7. Nc3 cxd4 8. exd4 Be7 9. Qe2 0-0 10. Rd1 b5 11. Bb3 b4 12. Na4 Bb7 13. Bg5 Nbd7 14. Ne5 Nxe5 15. dxe5 Nd5 16. Bxd5 Bxd5 17. Bxe7 Qxe7 18. Nb6 Bxg2 19. Nxa8 Bxa8 20. Rd3 Rc8 21. Rad1 Bd5 22. Qg4 Rc6 23. b3 g6 24. Qf4 h5 25. Rc1 Qh4 0-1